000 00522nam a2200217Ia 4500
003 OSt
005 20220928142028.0
006 a|||||r|||| 00| 0
007 ta
008 220927b |||||||| |||| 00| 0 eng d
024 _a18387
037 _cTextual
040 _aSDCL
_cSDCL
_beng
041 _2eng
_aeng
082 _aO15:gxE50,1, J5
100 _aNagendra Ed.
245 0 _aVarkokitjivit.
260 _c1955
942 _hO15:gxE50,1, J5
_cTEXL
_2CC
999 _c820631
_d820631